Classifica Marcatori Ligue 1 2019-2020 - Statistics

Statistiche generali
  • Questo quiz è stato fatto 3 volte
  • Il punteggio medio è 5 su 11
Statistiche sulle risposte
Gol Nazione Squadra Calciatore % Corretto
18 Francia Paris Saint-Germain Kylian Mbappé
100%
13 Brasile Paris Saint-Germain Neymar
100%
12 Argentina Paris Saint-Germain Mauro Icardi
67%
16 Francia Olympique Lione Moussa Dembélé
67%
18 Francia Monaco Wissam Ben Yedder
67%
11 Argentina Olympique Marsiglia Darío Benedetto
33%
12 Senegal Metz Habib Diallo
33%
11 Danimarca Nizza Kasper Dolberg
33%
13 Nigeria Lilla Victor Osimhen
33%
10 Gabon Saint Etienne Denis Bouanga
0%
10 Francia Rennes M'Baye Niang
0%
Nessun quiz corrispondente trovato
Distribuzione punteggi
Percentuale di utenti per punteggio
Percentile per numero di risposta
I tuoi punteggi nel tempo
Non hai fatto questo quiz